Fast Typing: A to Z jumping 3 and 5 letters - Statistics

General Stats
  • This quiz has been taken 204 times
  • The average score is 19 of 52
Answer Stats
ANSWER % Correct
A
100%
D
77%
G
74%
J
72%
M
70%
P
70%
S
70%
V
70%
Y
69%
B
63%
E
62%
H
62%
K
62%
N
61%
Q
61%
T
59%
W
59%
Z
59%
C
57%
F
55%
I
50%
L
47%
O
45%
R
41%
U
41%
A
38%
X
37%
F
33%
K
30%
P
26%
U
23%
Z
22%
E
19%
J
17%
O
16%
T
15%
Y
13%
D
10%
I
7%
C
4%
H
4%
N
4%
S
4%
X
4%
M
2%
B
1%
G
1%
L
1%
Q
1%
R
1%
W
1%
V
0%
No matching quizzes found
Score Distribution
Percent of People with Each Score
Percentile by Number Answered
Your Score History
You have not taken this quiz